000 00651nam a2200181 a 4500
005 20111208122022.0
020 _a9788183851992
_c55.00
037 _bBlueberry Books
100 _aBarua, Arpita
_936622
245 _aRumpelstiltskin /
_cretold by Arpita Barua; illustrated by Manoj Kureel
260 _aNOIDA
_bHello Friend
_c2006
270 _aA-81, Sector V
_bNOIDA
_e201301
300 _aunpaged
_c15cm(Hb)
_bill.
700 _a Kureel, Manoj
_936620
856 _3Table of contents
_uhttp://www.loc.gov/catdir/toc/ecip0516/2005020735.html
942 _2ddc
_cCH
_mBAR
999 _c59100
_d59100